000 01753nam a22002657a 4500
003 Uzh_bibl
008 260417b |||||||| |||| 00| 0 ukr d
020 _a978-966-02-7304-7
_c64.00
040 _bукр.
041 _2ukr
_aukr
080 _a030(477)
090 _a030(477)
_bЕ64
100 _a-
245 _aЕнциклопедія Сучасної України
_bТ. 14: Кол - Кос.
_cкорект. Т.Берзюк, І.Журило та ін; іл. Р.Кацалам; обкл. В.Єрмак. та ін.
_hТект
260 _aКиїв
_bТОВ "Твори"
_c2014
300 _a767 с.
_bіл.
_fВ опр.
490 _vТом 14
520 _aЕнциклопедія Сучасної України - перше багатотомне видання про Україну всіх вимірах від початку 20 століття до сьогодення. Енциклопедія подає цілісний образ новітньої України в подіях, інституціях, установах, родах діяльності, поняттях, особах. Охоплює всі сфери життя в Україна, відображає сучасні погляди на історичні події та постаті. У чотирнадцятому томі подано 3136 статей, 2701 чорно-білих та 336 кольорових ілюстрацій, 14 карт.
521 _aДля широкого кола читачів
546 _aукр.
650 _aДовідкове видання
653 _aЕнциклопедія.
_aУкраїна.
655 _aНауково-популярне видання
_vЕнциклопедія
942 _2udc
_cBK
999 _c17376
_d17376